000 00537nam a2200181Ia 4500
999 _c14663
_d14663
003 OSt
005 20201028101305.0
008 190216s9999||||xx |||||||||||||| ||und||
020 _a9780140157512
040 _coclc
082 _a863
_bMAR/O
100 _aMarquez, Gabriel Garcia
_95316
245 0 _aOne Hundred Years Of Solitude /
_cGabriel Garcia Marquez
260 _bPenguin Books ,
_c1996.
_aNew Delhi:
300 _a422p
650 _aEnglish-Fiction English
942 _cBK
_2ddc
_h863
_iMAR/O
_k863
_mMAR/O